000 00467nam a22001937a 4500
003 bpm
005 20260421110400.0
008 260421b |||||||| |||| 00| p spa d
024 _aS. C. C. / M. C. y E. M.:
040 _aAR-CtUCP
041 _aspa
080 _aCDU
100 _aGonzález Leonardo Miguel
245 _aPor las veredas del tiempo
260 _aCorrientes
_bMoglia
_c2007
650 _aLiteratura - Poesía
942 _cLIB
999 _c76681
_d76681